000 00693nam a22001577a 4500
003 OSt
005 20151116155153.0
008 151116b xxu||||| |||| 00| 0 eng d
040 _cRUA
082 _aFOR SOK 2001 B127 Or.1
100 _93742
_aSOKHAN YOUTHEARITH
245 _aThe contribution of study on seed source establishment (pterocarpus sp.) in natural forest at siem reap province, វិភាគទាននៃការសិក្សា ប្រភពឈើពូជធ្នង់ក្នុង ដំណុះព្រៃធម្មជាតិ នៅខេត្តសៀមរៀប.
260 _aPhnom Penh
_bRUA
_c2001
300 _a44p.
_bill.
_c29cm.
942 _2ddc
_cFOR
999 _c3484
_d3484